[Event "LSS No Engine Cup 40 Final"]
[Site "LSS email"]
[Date "2011.12.05"]
[Round "?"]
[White "Molano Lafuente, Ismael"]
[Black "Velasco Blasco, Jose Maria"]
[Result "1-0"]
[WhiteElo "1033"]
[BlackElo "1875"]
[PlyCount "43"]
[EventDate "2011.12.06"]
[EventType "tourn (corr)"]
[EventRounds "6"]
[EventCountry "GER"]
[SourceTitle "Telechess CBM 155"]
[Source "ChessBase"]
[SourceDate "2013.07.16"]
[SourceVersion "1"]
[SourceVersionDate "2013.07.16"]
[SourceQuality "1"]

1. e4 c5 2. Nf3 d6 3. d4 cxd4 4. Nxd4 Nf6 5. Nc3 a6 6. Be3 e5 7. Nb3 Be6 8. f3 h5 9. Qd2 Nbd7 10. a4 Be7 11. Be2 Rc8 12. Rd1 h4 13. 0-0 h3 14. g3 Nb6 15. a5 Nc4 16. Bxc4 Rxc4 17. Bb6 Qc8 18. Rf2 0-0 19. Re2 Qc6 20. Be3 Rd8 21. Nd5 Bxd5 22. exd5 1-0

[Event "RB-2011-0-00124"]
[Site "LSS email"]
[Date "2011.07.29"]
[Round "?"]
[White "Lizorkina, Veronika"]
[Black "Velasco Blasco, Jose Maria"]
[Result "1-0"]
[WhiteElo "2056"]
[BlackElo "2026"]
[PlyCount "39"]
[EventDate "2011.06.29"]
[EventType "tourn (corr)"]
[EventRounds "6"]
[EventCountry "GER"]
[SourceTitle "Telechess CBM 151"]
[Source "ChessBase"]
[SourceDate "2012.11.13"]
[SourceVersion "1"]
[SourceVersionDate "2012.11.13"]
[SourceQuality "1"]

1. e4 c5 2. Nf3 d6 3. d4 cxd4 4. Nxd4 Nf6 5. Nc3 a6 6. Bg5 e6 7. f4 Qb6 8. Qd2 Nc6 9. Bxf6 gxf6 10. Nb3 h5 11. Be2 Bd7 12. 0-0-0 0-0-0 13. Rhf1 Be7 14. Rf3 Rdg8 15. Bf1 Rg4 16. a3 Kb8 17. Rd3 h4 18. Rxd6 Bxd6 19. Qxd6+ Qc7 20. Qxd7 1-0

[Event "RB-2011-0-00124"]
[Site "LSS email"]
[Date "2011.07.29"]
[Round "?"]
[White "Oliveira, Diogo Luiz"]
[Black "Velasco Blasco, Jose Maria"]
[Result "1/2-1/2"]
[WhiteElo "2088"]
[BlackElo "2026"]
[PlyCount "112"]
[EventDate "2011.06.29"]
[EventType "tourn (corr)"]
[EventRounds "6"]
[EventCountry "GER"]
[SourceTitle "Telechess CBM 151"]
[Source "ChessBase"]
[SourceDate "2012.11.13"]
[SourceVersion "1"]
[SourceVersionDate "2012.11.13"]
[SourceQuality "1"]

1. c4 c5 2. Nc3 Nc6 3. Nf3 Nf6 4. g3 g6 5. Bg2 Bg7 6. d4 cxd4 7. Nxd4 0-0 8. 0-0 Nxd4 9. Qxd4 d6 10. Qd3 Bf5 11. e4 Be6 12. b3 Ng4 13. Bf4 Ne5 14. Qd2 a5 15. a4 Nd7 16. Be3 Nc5 17. Qc2 Rc8 18. Rac1 Qb6 19. Nb5 Bd7 20. f4 Rfd8 21. Rcd1 Bg4 22. Rb1 Bd7 23. Nc3 Bc6 24. f5 Qb4 25. Nd5 Bxd5 26. exd5 Qc3 27. Qxc3 Bxc3 28. Bh3 Rb8 29. Bg4 Ne4 30. Rbd1 Nc5 31. Kg2 b6 32. Rb1 Kg7 33. h4 Be5 34. Bd1 Ne4 35. g4 Rdc8 36. fxg6 fxg6 37. Rc1 Nc5 38. Bc2 h6 39. Rf3 Rf8 40. h5 Rxf3 41. Kxf3 Rf8+ 42. Ke2 g5 43. Rb1 Kg8 44. Bg6 Kg7 45. Bf5 Kf7 46. Kd1 Ke8 47. Kc2 Kd8 48. Rd1 Rf6 49. Rd2 Kc7 50. Rf2 Rf8 51. Bg6 Bf6 52. Bc1 Nd7 53. Bh7 Rh8 54. Bf5 Nc5 55. Bg6 Bd4 56. Rf1 Nd7 1/2-1/2

[Event "SB-2011-0-00166"]
[Site "LSS email"]
[Date "2011.07.06"]
[Round "?"]
[White "Velasco Blasco, Jose Maria"]
[Black "Vrigazov, Hristo"]
[Result "1-0"]
[WhiteElo "1874"]
[BlackElo "1658"]
[PlyCount "35"]
[EventDate "2011.06.19"]
[EventType "tourn (corr)"]
[EventRounds "6"]
[EventCountry "GER"]
[SourceTitle "Corr 2015"]
[Source "ChessBase"]
[SourceDate "2015.07.17"]
[SourceVersion "1"]
[SourceVersionDate "2015.07.17"]
[SourceQuality "1"]

1. d4 e6 2. c4 b6 3. e4 Bb7 4. Bd3 f5 5. exf5 Bxg2 6. Qh5+ g6 7. fxg6 Bg7 8. gxh7+ Kf8 9. Bg5 Nf6 10. Qh4 Bxh1 11. Ne2 Qe7 12. Nf4 Qf7 13. Ng6+ Ke8 14. Ne5 Qf8 15. Nc3 d6 16. Bg6+ Ke7 17. Nf7 Nbd7 18. f3 1-0

[Event "BI-2011-P-00006"]
[Site "LSS email"]
[Date "2011.04.17"]
[Round "?"]
[White "Slezak, Robert"]
[Black "Velasco Blasco, Jose Maria"]
[Result "1/2-1/2"]
[WhiteElo "2164"]
[BlackElo "2026"]
[PlyCount "50"]
[EventDate "2011.04.20"]
[EventType "tourn (corr)"]
[EventRounds "10"]
[EventCountry "GER"]
[SourceTitle "Telechess CBM 151"]
[Source "ChessBase"]
[SourceDate "2012.11.13"]
[SourceVersion "1"]
[SourceVersionDate "2012.11.13"]
[SourceQuality "1"]

1. e4 c5 2. Nf3 d6 3. d4 cxd4 4. Nxd4 Nf6 5. Nc3 a6 6. f3 e5 7. Nb3 Be6 8. Be3 Be7 9. Qd2 h6 10. 0-0-0 b5 11. Nd5 Bxd5 12. exd5 Nbd7 13. Na5 Rc8 14. Nc6 Qc7 15. Nb4 Qb7 16. Kb1 Bd8 17. g4 Ba5 18. a3 Nb6 19. Bxb6 Bxb4 20. axb4 Qxb6 21. h4 Ra8 22. Rh3 a5 23. Qe2 axb4 24. Qxb5+ Qxb5 25. Bxb5+ Ke7 1/2-1/2

[Event "BI-2011-P-00006"]
[Site "LSS email"]
[Date "2011.04.17"]
[Round "?"]
[White "Velasco Blasco, Jose Maria"]
[Black "Bienkowski, Alejandro"]
[Result "1-0"]
[WhiteElo "2026"]
[BlackElo "1646"]
[PlyCount "85"]
[EventDate "2011.04.20"]
[EventType "tourn (corr)"]
[EventRounds "10"]
[EventCountry "GER"]
[SourceTitle "Telechess CBM 151"]
[Source "ChessBase"]
[SourceDate "2012.11.13"]
[SourceVersion "1"]
[SourceVersionDate "2012.11.13"]
[SourceQuality "1"]

1. e4 c5 2. Nf3 d6 3. d4 cxd4 4. Nxd4 Nf6 5. Nc3 a6 6. Be3 e6 7. f3 b5 8. Qd2 b4 9. Na4 d5 10. e5 Nfd7 11. f4 Bb7 12. Bd3 Qa5 13. b3 Nc6 14. f5 Qc7 15. fxe6 fxe6 16. 0-0 Qxe5 17. Qf2 Nf6 18. Rae1 Rc8 19. Nxe6 Qxe6 20. Bf5 Qf7 21. Bb6+ Ne4 22. Qh4 Qe7 23. Rxe4 dxe4 24. Qh5+ g6 25. Bxg6+ hxg6 26. Qxg6+ Kd7 27. Rd1+ Nd4 28. Rxd4+ Qd6 29. Qf5+ Ke8 30. Rxd6 Bxd6 31. Qe6+ Be7 32. Bc5 Rxc5 33. Nxc5 Rh6 34. Qg8+ Bf8 35. Nxb7 e3 36. h3 Rc6 37. Kf1 Rb6 38. Qd5 Be7 39. Nc5 Bxc5 40. Qxc5 Rf6+ 41. Ke2 Rf2+ 42. Kxe3 Rxg2 43. Qc6+ 1-0

[Event "BI-2011-P-00006"]
[Site "LSS email"]
[Date "2011.04.17"]
[Round "?"]
[White "Velasco Blasco, Jose Maria"]
[Black "Fuller, Christopher"]
[Result "1-0"]
[WhiteElo "2026"]
[BlackElo "922"]
[PlyCount "45"]
[EventDate "2011.04.20"]
[EventType "tourn (corr)"]
[EventRounds "10"]
[EventCountry "GER"]
[SourceTitle "Telechess CBM 151"]
[Source "ChessBase"]
[SourceDate "2012.11.13"]
[SourceVersion "1"]
[SourceVersionDate "2012.11.13"]
[SourceQuality "1"]

1. e4 Nc6 2. Nf3 d6 3. d4 Nf6 4. Nc3 e5 5. Bb5 Bd7 6. Bxc6 Bxc6 7. Qe2 exd4 8. Nxd4 Be7 9. Be3 0-0 10. f3 Bd7 11. 0-0-0 c5 12. Ndb5 Bxb5 13. Qxb5 Qc7 14. g4 a6 15. Qd3 h6 16. h4 c4 17. Qe2 b5 18. g5 hxg5 19. hxg5 Nd7 20. Qh2 f5 21. g6 Bh4 22. Qxh4 fxe4 23. Qh7# 1-0

[Event "RB-2011-0-00108"]
[Site "LSS email"]
[Date "2011.03.14"]
[Round "?"]
[White "Sorcinelli, Andrea"]
[Black "Velasco Blasco, Jose Maria"]
[Result "1/2-1/2"]
[WhiteElo "1967"]
[BlackElo "1916"]
[PlyCount "57"]
[EventDate "2011.02.02"]
[EventType "tourn (corr)"]
[EventRounds "6"]
[EventCountry "GER"]
[SourceTitle "Telechess CBM 147"]
[Source "ChessBase"]
[SourceDate "2012.03.16"]
[SourceVersion "1"]
[SourceVersionDate "2012.03.16"]
[SourceQuality "1"]

1. e4 c5 2. Nf3 d6 3. d4 cxd4 4. Nxd4 Nf6 5. Nc3 a6 6. Be3 e5 7. Nf3 Be7 8. Bc4 0-0 9. 0-0 Be6 10. Bb3 Nc6 11. Bg5 h6 12. Bxf6 Bxf6 13. Nd5 Bxd5 14. Bxd5 Rc8 15. c3 b5 16. Qe2 Ne7 17. Rfd1 Nxd5 18. Rxd5 Qb6 19. Ne1 Rc5 20. Qd3 Rxd5 21. Qxd5 Rc8 22. a3 g6 23. g3 h5 24. Kg2 h4 25. Nd3 hxg3 26. fxg3 Kg7 27. Rf1 a5 28. h4 Qc6 29. Qxc6 1/2-1/2

[Event "SB-2011-0-00132"]
[Site "LSS email"]
[Date "2011.02.14"]
[Round "?"]
[White "Kolanek, Roman"]
[Black "Velasco Blasco, Jose Maria"]
[Result "1/2-1/2"]
[WhiteElo "1947"]
[BlackElo "1916"]
[PlyCount "136"]
[EventDate "2011.01.13"]
[EventType "tourn (corr)"]
[EventRounds "6"]
[EventCountry "GER"]
[SourceTitle "Telechess CBM 147"]
[Source "ChessBase"]
[SourceDate "2012.03.16"]
[SourceVersion "1"]
[SourceVersionDate "2012.03.16"]
[SourceQuality "1"]

1. e4 c5 2. Nf3 d6 3. d4 cxd4 4. Nxd4 Nf6 5. Nc3 a6 6. Bg5 Nbd7 7. Be2 Qc7 8. Nd5 Nxd5 9. exd5 Qa5+ 10. Qd2 Qxd5 11. 0-0 Qc5 12. Rae1 h6 13. Be3 Qc7 14. f4 e6 15. Rf3 Be7 16. Rg3 Bh4 17. Rxg7 Bxe1 18. Qxe1 Nf6 19. Bf3 Kf8 20. Rg3 Rg8 21. c3 Bd7 22. f5 e5 23. Bxh6+ Ke7 24. Rh3 Rae8 25. Bf4 Bc6 26. Nxc6+ bxc6 27. Be3 Qd7 28. Qb1 Ng4 29. Bxg4 Rxg4 30. g3 c5 31. Qd3 c4 32. Qc2 Qc6 33. Qd2 Reg8 34. Rh6 a5 35. a3 a4 36. Kf2 f6 37. Qd1 Qa8 38. Bc1 Qa7+ 39. Be3 Qa8 40. Bc1 R8g7 41. Be3 Qe4 42. Rh5 Qc6 43. Rh6 Rg8 44. Bc1 R4g7 45. Qc2 Qb6+ 46. Be3 Qc6 47. Bc1 Rb8 48. Qe2 Rf8 49. Rh4 Rc8 50. Kg1 Qc5+ 51. Kf1 Qd5 52. Kf2 Kd7 53. Qc2 Qb5 54. Rh6 Ke7 55. h3 Qc6 56. g4 Rcg8 57. Kg3 Rf8 58. Be3 Qa8 59. Qf2 Qd5 60. Bg5 Rgf7 61. Bc1 Kd8 62. Qb6+ Kc8 63. Kh4 Rd7 64. Be3 Qb7 65. Qa5 Qc6 66. Kg3 Kb8 67. Rg6 Qe4 68. Bh6 Qe1+ 1/2-1/2

[Event "LSS RB-2010-0-00105"]
[Site "LSS email"]
[Date "2011.02.14"]
[Round "?"]
[White "Russell, Ian"]
[Black "Velasco Blasco, Jose Maria"]
[Result "1/2-1/2"]
[WhiteElo "1916"]
[BlackElo "1911"]
[PlyCount "77"]
[EventDate "2010.12.21"]
[EventType "tourn (corr)"]
[EventRounds "6"]
[EventCountry "GER"]
[SourceTitle "Telechess CBM 145"]
[Source "Chessbase"]
[SourceDate "2011.11.11"]
[SourceVersion "1"]
[SourceVersionDate "2011.11.11"]
[SourceQuality "1"]

1. e4 c5 2. Nf3 d6 3. d4 cxd4 4. Nxd4 Nf6 5. Nc3 a6 6. g3 e5 7. Nde2 Be7 8. Bg2 0-0 9. 0-0 b5 10. a4 b4 11. Nd5 Nxd5 12. Qxd5 Qc7 13. c3 Be6 14. Qxa8 Nd7 15. Qxf8+ Kxf8 16. cxb4 Qc4 17. Nc3 Qxb4 18. Be3 h6 19. Rfd1 Bg5 20. Bxg5 hxg5 21. Nd5 Bxd5 22. Rxd5 Nb6 23. Rdd1 Nxa4 24. b3 Nc5 25. Rxd6 g6 26. Rd5 Nxb3 27. Rb1 Qc3 28. h3 a5 29. Rxb3 Qxb3 30. Rxa5 Qb1+ 31. Kh2 Qe1 32. Rxe5 f6 33. Re6 Qxf2 34. e5 fxe5 35. Rxe5 Qf6 36. Re4 Kg7 37. Rg4 Qd8 38. Re4 Qd2 39. Rg4 1/2-1/2

[Event "LSS RB-2010-0-00105"]
[Site "LSS email"]
[Date "2011.02.14"]
[Round "?"]
[White "Velasco Blasco, Jose Maria"]
[Black "Vrigazov, Hristo"]
[Result "1/2-1/2"]
[WhiteElo "1911"]
[BlackElo "1833"]
[PlyCount "92"]
[EventDate "2010.12.21"]
[EventType "tourn (corr)"]
[EventRounds "6"]
[EventCountry "GER"]
[SourceTitle "Telechess CBM 145"]
[Source "Chessbase"]
[SourceDate "2011.11.11"]
[SourceVersion "1"]
[SourceVersionDate "2011.11.11"]
[SourceQuality "1"]

1. e4 c5 2. Ne2 d6 3. Nbc3 a6 4. d4 cxd4 5. Nxd4 e5 6. Nb3 Nf6 7. Be3 Be6 8. f3 Be7 9. Qd2 0-0 10. a3 d5 11. exd5 Nxd5 12. Nxd5 Bxd5 13. 0-0-0 Bxb3 14. Qxd8 Rxd8 15. Rxd8+ Bxd8 16. cxb3 Nd7 17. Bd3 Nf6 18. Kb1 g6 19. Rc1 Nd5 20. Bh6 Bb6 21. Be4 Rd8 22. Bg5 f6 23. Bxd5+ Rxd5 24. Bxf6 Kf7 25. Bh4 Ke6 26. Bg3 Rd2 27. Rc2 Rd1+ 28. Ka2 Bd4 29. Re2 Kd5 30. b4 Rd3 31. Kb1 Rb3 32. Kc1 h5 33. Bf2 Bxf2 34. Rxf2 h4 35. Rd2+ Kc4 36. Rc2+ Kd4 37. h3 e4 38. fxe4 Rg3 39. Re2 Ke5 40. Kd2 g5 41. Ke1 g4 42. hxg4 Rxg4 43. Kf2 Rxe4 44. Rxe4+ Kxe4 45. a4 b5 46. b3 Kd4 1/2-1/2

[Event "ZI-2011-0-00867"]
[Site "LSS email"]
[Date "2011.01.23"]
[Round "?"]
[White "Zavrazhnov, Andrey Anatolievich"]
[Black "Velasco Blasco, Jose Maria"]
[Result "1/2-1/2"]
[WhiteElo "836"]
[BlackElo "1911"]
[PlyCount "90"]
[EventDate "2011.01.16"]
[EventType "match (corr)"]
[EventRounds "2"]
[EventCountry "GER"]
[SourceTitle "Telechess CBM 145"]
[Source "Chessbase"]
[SourceDate "2011.11.11"]
[SourceVersion "1"]
[SourceVersionDate "2011.11.11"]
[SourceQuality "1"]

1. d4 Nf6 2. c4 e6 3. Nc3 Bb4 4. Nf3 d5 5. e3 0-0 6. Bd3 c5 7. 0-0 Nc6 8. a3 Bxc3 9. bxc3 dxc4 10. Bxc4 b6 11. Re1 Bb7 12. e4 Rc8 13. Bd3 h6 14. Qe2 Na5 15. Rb1 Qc7 16. e5 Nh7 17. Nd2 Qc6 18. Qg4 f5 19. exf6 Nxf6 20. Qh3 Qd7 21. Rxe6 Nh5 22. Bh7+ Kh8 23. Bf5 Qf7 24. g4 cxd4 25. cxd4 Nf6 26. Nf1 Bd5 27. Re1 Rc6 28. Ne3 Be4 29. Rb5 Nb3 30. Bxe4 Rxc1 31. Rxc1 Nxc1 32. Bf3 Nb3 33. Nf5 Qc4 34. Qf1 Qc3 35. Qd1 Nd2 36. Kg2 g6 37. Nh4 Rg8 38. h3 Qxd4 39. Qe2 Nxf3 40. Nxf3 Qe4 41. Qd2 Kh7 42. Re5 Qc6 43. Qe3 Nd7 44. Re7+ Rg7 45. g5 h5 1/2-1/2

[Event "OP-2011-0-01378"]
[Site "LSS email"]
[Date "2011.01.19"]
[Round "?"]
[White "Dewulf, Bjorn"]
[Black "Velasco Blasco, Jose Maria"]
[Result "0-1"]
[WhiteElo "521"]
[BlackElo "1911"]
[PlyCount "56"]
[EventDate "2011.01.15"]
[EventType "tourn (corr)"]
[EventRounds "4"]
[EventCountry "GER"]
[SourceTitle "Telechess CBM 145"]
[Source "Chessbase"]
[SourceDate "2011.11.11"]
[SourceVersion "1"]
[SourceVersionDate "2011.11.11"]
[SourceQuality "1"]

1. e4 c5 2. Nc3 Nc6 3. d3 d6 4. Nf3 Nf6 5. Be2 e5 6. 0-0 Be6 7. h3 Be7 8. a3 0-0 9. Bg5 a6 10. Re1 b5 11. Bxf6 Bxf6 12. Nd5 Bxd5 13. exd5 Ne7 14. c4 bxc4 15. dxc4 e4 16. Nd2 Bxb2 17. Rb1 Bxa3 18. Ra1 Bb4 19. Nb3 Bxe1 20. Qxe1 f5 21. f3 Rb8 22. fxe4 Rxb3 23. Qf2 fxe4 24. Qe3 Rxe3 25. Re1 Qa5 26. Bg4 Qxe1+ 27. Kh2 Qg3+ 28. Kg1 Re1# 0-1

[Event "OP-2011-0-01378"]
[Site "LSS email"]
[Date "2011.01.19"]
[Round "?"]
[White "Jaszczowski, Zdzislaw"]
[Black "Velasco Blasco, Jose Maria"]
[Result "0-1"]
[WhiteElo "814"]
[BlackElo "1911"]
[PlyCount "56"]
[EventDate "2011.01.15"]
[EventType "tourn (corr)"]
[EventRounds "4"]
[EventCountry "GER"]
[SourceTitle "Telechess CBM 145"]
[Source "Chessbase"]
[SourceDate "2011.11.11"]
[SourceVersion "1"]
[SourceVersionDate "2011.11.11"]
[SourceQuality "1"]

1. e4 c5 2. Nf3 d6 3. d4 cxd4 4. Nxd4 Nf6 5. Nc3 a6 6. Bd3 e5 7. Nb3 Nc6 8. Bg5 Be7 9. 0-0 0-0 10. Qd2 h6 11. Bh4 Nxe4 12. Nxe4 Bxh4 13. Qe3 d5 14. Ng3 Bg5 15. Qe1 f5 16. c3 f4 17. Nh1 e4 18. Bc2 f3 19. gxf3 Rxf3 20. Ng3 Bh3 21. Nd4 Nxd4 22. cxd4 Bxf1 23. Kxf1 e3 24. Bf5 Rxf2+ 25. Kg1 Bf4 26. Be6+ Kh8 27. Qa5 Qh4 28. Qxd5 Qxh2# 0-1

[Event "Catalunya-ch U18"]
[Site "Tarrega"]
[Date "1995.??.??"]
[Round "?"]
[White "Velasco Blasco, Jose Maria"]
[Black "Garcia Bosch, Orlando"]
[Result "0-1"]
[WhiteElo "2110"]
[BlackElo "2200"]
[PlyCount "58"]
[EventDate "1995.??.??"]
[EventType "swiss"]
[EventRounds "9"]
[EventCountry "ESP"]
[SourceTitle "EXT 2003"]
[Source "ChessBase"]
[SourceDate "2002.11.25"]
[SourceVersion "1"]
[SourceVersionDate "2002.11.25"]
[SourceQuality "1"]

1. d4 Nf6 2. c4 g6 3. Nc3 Bg7 4. e4 d6 5. f3 0-0 6. Be3 Nbd7 7. Nh3 c5 8. d5 Qa5 9. Qd2 Ne5 10. Nf2 a6 11. Be2 Bd7 12. h3 b5 13. cxb5 Bxb5 14. 0-0 Rfb8 15. Rfc1 Rb7 16. b3 Ne8 17. Rab1 Nd7 18. Nd3 Bxd3 19. Bxd3 Nc7 20. Ne2 Qxd2 21. Bxd2 Ne5 22. Bc4 Nb5 23. f4 Nd7 24. Bxb5 axb5 25. Rc2 Nf6 26. Ng3 Rba7 27. a4 bxa4 28. Ra2 Rb8 29. Bc3 Nh5 0-1